Programme EPS lycée GT cycle 5 - Statistiques

Statistiques générales
  • Ce quiz a été pris 60 fois
  • Le résultat moyen est 3 sur 26
Statistiques - réponses
Hint Réponse % Correct
OG1 développer sa motricité
64%
OG4 construire durablement sa santé
36%
OG5 accéder au patrimoine culturel
27%
OG3 exercer sa responsabilité individuelle et au sein d'un collectif
27%
CA5 Réaliser et orienter son activité physique pour développer ses ressources et s’entretenir
27%
OG2 savoir se préparer et s'entrainer
27%
AFL1 S'engager à l'aide d'une motricité spécifique pour réaliser en sécurité et à son meilleur niveau, un itinéraire dans un contexte incertain
18%
AFL1 S’engager pour obtenir les effets recherchés selon son projet personnel, en faisant des choix de paramètres d’entraînement cohérents avec le thème retenu.
18%
CA2 Adapter son déplacement à des environnements variés et ou incertains
9%
CA1 Réaliser une performance motrice maximale mesurable à une échéance donnée
9%
CA3 Réaliser une prestation corporelle destinée à être vue et appréciée
9%
AFL1 S’engager pour composer et réaliser un enchaînement à visée esthétique ou acrobatique destiné à être jugé, en combinant des formes corporelles codifiées.
9%
AFL1 S’engager pour gagner une rencontre en faisant des choix techniques et tactiques pertinents au regard de l’analyse du rapport de force.
9%
AFL1 S’engager pour produire une performance maximale à l’aide de techniques efficaces,
en gérant les efforts musculaires et respiratoires nécessaires et en faisant le meilleur
compromis entre l’accroissement de vitesse d’exécution et de précision.
9%
AFL4 Choisir et assumer des rôles au service de la prestation collective.
0%
AFL3 Choisir et assumer les rôles qui permettent un fonctionnement collectif solidaire
0%
AFL3 Choisir et assumer les rôles qui permettent un fonctionnement collectif solidaire.
0%
CA4 Conduire et maîtriser un affrontement collectif ou interindividuel pour gagner
0%
AFL3 Coopérer pour faire progresser.
0%
AFL3 Coopérer pour réaliser un projet de déplacement, en toute sécurité.
0%
AFL2 S’engager pour composer et interpréter une chorégraphie collective selon un projet artistique en mobilisant une motricité expressive et des procédés de composition.
0%
AFL2 S'entrainer, individuellement et collectivement, pour réaliser une performance
0%
AFL2 S’entraîner individuellement et collectivement, pour se déplacer de manière efficiente et en toute sécurité.
0%
AFL2 S’entraîner, individuellement ou collectivement, pour développer ses ressources et s’entretenir en fonction des effets recherchés.
0%
AFL3 Se préparer et s’engager, individuellement et collectivement, pour s’exprimer devant un public et susciter des émotions.
0%
AFL2 Se préparer et s’entraîner, individuellement ou collectivement, pour conduire et maîtriser un affrontement collectif ou interindividuel.
0%
Aucun quiz correspondant
Distribution des résultats
% des personnes avec chaque résultat
Percentile par nombre de réponses
Votre historique - résultats
Vous n’avez pas pris ce quiz